Integrated Urban Development Programme for metropolitan cities and areas of nati (Record no. 15826)

MARC details
000 -LEADER
fixed length control field 00338nam a2200121Ia 4500
082 ## - DEWEY DECIMAL CLASSIFICATION NUMBER
Classification number RI.0005
100 ## - MAIN ENTRY--AUTHOR NAME
Personal name National Institute of Urban Af
245 #0 - TITLE STATEMENT
Title Integrated Urban Development Programme for metropolitan cities and areas of nati
260 ## - PUBLICATION, DISTRIBUTION, ETC. (IMPRINT)
Year of publication 1983
300 ## - PHYSICAL DESCRIPTION
Number of Pages 189p.
942 ## - ADDED ENTRY ELEMENTS (KOHA)
Koha item type Books
Holdings
Withdrawn status Lost status Damaged status Not for loan Home library Current library Date acquired Bill Date Full call number Accession Number Price effective from Koha item type
        NASSDOC Library NASSDOC Library 08/10/2004 2004-10-22 RI.0005 22194 18/04/2019 Books